Swarm intelligence

Αποθηκεύτηκε σε:
Λεπτομέρειες βιβλιογραφικής εγγραφής
Κύριος συγγραφέας: Kennedy, James F.
Άλλοι συγγραφείς: Eberhart, Russell C., Shi, Yuhui
Μορφή: Βιβλίο
Γλώσσα:English
Δημοσίευση: San Francisco : Morgan Kaufmann Publishers, c2001
Σειρά:Morgan Kaufmann series in evolutionary computation
Θέματα:
Ετικέτες: Προσθήκη ετικέτας
Δεν υπάρχουν, Καταχωρήστε ετικέτα πρώτοι!

MARC

LEADER 00000nam a2200000 i 4500
001 1/55661
008 070921s2001 eng d
020 |a 978-1-55860-595-4 
020 |a 1-55860-595-9 
035 |l 10090927 
040 |a GR-MY-UA  |b gre  |e aacr 
041 0 |a eng 
082 0 |a 006.3  |2 (22) 
100 1 |a Kennedy, James F. 
245 1 0 |a Swarm intelligence /  |c James Kennedy, Russell C. Eberhart with Yuhui Shi 
260 |a San Francisco :   |b Morgan Kaufmann Publishers,   |c c2001 
300 |a xxvii, 512 σ.;  |b εικ.;  |c 24 εκ. 
490 1 |a The Morgan Kaufmann series in evolutionary computation 
504 |a Βιβλιογραφία: σ. 475-495. Ευρετήριο 
650 0 0 |a Swarm intelligence. 
650 0 0 |a Systems engineering. 
650 0 0 |a Distributed artificial intelligence. 
700 1 |a Eberhart, Russell C. 
700 1 |a Shi, Yuhui. 
830 0 |a Morgan Kaufmann series in evolutionary computation 
852 |a INST  |b CHIOS  |e 20080417  |h 006.3 KEN  |p 005200027348  |q 005200027348  |t BK  |y 0 
852 |a INST  |b SYROS  |e 20070921  |h 006.3 KEN  |p 005500007186  |q 005500007186  |t BK  |y 0 
901 |a BIBL5-2007-3 
901 |a BIBL2-2008-1 
909 |a Ε  |b 137993 
909 |a Χ  |b 151833 
922 |a 5ΕΛΗ  |b 200707  |c ΕΠΕΑΕΚ2/ΤΜΣΠΣ  |d ΕΛΕΥΘΕΡΟΥΔΑΚΗΣ 
922 |a 2ΕΛΗ  |b 200803  |c ΕΠΕΑΕΚ2/ΤΜΟΔ  |d ΕΛΕΥΘΕΡΟΥΔΑΚΗΣ 
970 |a ΚΟΝΤΟΥ  |b ΠΑΡΑΣΚΕΥΗ  |z 2007/09/21